|
|
|
|
| LEADER |
00000cam a2200000 a 4500 |
| 001 |
vtls010278958 |
| 003 |
SK-MaSNL |
| 005 |
20260301031752.0 |
| 008 |
180809s2010 xo a b f 000 0 cze |
| 015 |
|
|
|a SNBA2011/12-06182
|
| 020 |
|
|
|a 9788080711337
|q (brož.)
|
| 035 |
|
|
|a 58A2805A-E12F-4164-AA0B-0B61E8295E05
|
| 035 |
|
|
|a urn:nbn:sk:snk-amjxf6
|
| 035 |
|
|
|a urn:nbn:sk:snk-am00851r
|
| 040 |
|
|
|a SNK
|b slo
|c SNK
|e AACR2
|
| 041 |
1 |
|
|a cze
|h eng
|
| 044 |
|
|
|a xo
|c SK
|
| 072 |
|
7 |
|a 27
|x Kresťanstvo. Kresťanská cirkev všeobecne. Ekleziológia
|2 konspekt
|
| 072 |
|
7 |
|a 0/9-053.2
|x Literatúra pre deti a mládež (náučná)
|2 konspekt
|
| 080 |
|
|
|a 279.14-1/-9
|2 2001
|
| 080 |
|
|
|a 27-236.5
|2 2001
|
| 080 |
|
|
|a 27-47
|2 2001
|
| 080 |
|
|
|a 371.382
|2 2001
|
| 080 |
|
|
|a 27-75
|2 2001
|
| 080 |
|
|
|a 27-277.2
|2 2001
|
| 080 |
|
|
|a (0.053.2)
|2 2001
|
| 080 |
|
|
|a (075)
|2 2001
|
| 080 |
|
|
|a (072)
|2 2001
|
| 130 |
0 |
|
|a Primary Bible study guide, Year B. First Quarter
|l Česky
|9 327833
|
| 245 |
1 |
0 |
|a Provázky
|b učebnice pro nejmenší školáky
|n 5
|c [překlad: Eva Havelková]
|
| 250 |
|
|
|a [1. vyd.]
|
| 260 |
|
|
|a Vrútky
|b Advent-Orion
|c c2010
|
| 300 |
|
|
|a 63 s.
|b fareb. ilustr.
|c 28 cm
|
| 490 |
1 |
|
|a Grace link curriculum
|
| 650 |
0 |
7 |
|a učenie adventizmu
|2 SNKPH
|9 66102
|
| 650 |
0 |
7 |
|a biblické príbehy
|2 SNKPH
|9 1916
|
| 650 |
0 |
7 |
|a kresťanská výchova
|2 SNKPH
|9 63301
|
| 650 |
0 |
7 |
|a katechéza
|2 SNKPH
|9 4064
|
| 650 |
0 |
7 |
|a didaktické hry
|2 SNKPH
|9 63297
|
| 650 |
0 |
7 |
|a biblické citáty
|2 SNKPH
|9 1914
|
| 650 |
0 |
7 |
|a Adventist doctrine
|2 SNKPHeng
|9 323969
|
| 650 |
0 |
7 |
|a Bible stories
|2 SNKPHeng
|9 276268
|
| 650 |
0 |
7 |
|a Christian education
|2 SNKPHeng
|9 282634
|
| 650 |
0 |
7 |
|a Catechesis
|2 SNKPHeng
|9 315773
|
| 650 |
0 |
7 |
|a Educational games
|2 SNKPHeng
|9 316883
|
| 650 |
0 |
7 |
|a Biblical quotations
|2 SNKPHeng
|9 268253
|
| 655 |
|
7 |
|a publikácie pre deti
|2 SNKPH
|9 70148
|
| 655 |
|
7 |
|a učebnice
|2 SNKPH
|9 22521
|
| 655 |
|
7 |
|a metodické príručky
|2 SNKPH
|9 70250
|
| 655 |
|
7 |
|a Children's literature
|2 SNKPHeng
|9 276039
|
| 655 |
|
7 |
|a Textbooks
|2 SNKPHeng
|9 276731
|
| 655 |
|
7 |
|a Methodological manuals
|2 SNKPHeng
|9 270866
|
| 700 |
1 |
|
|a Havelková, Eva
|4 trl
|9 327834
|
| 830 |
|
0 |
|a Grace link curriculum
|9 319445
|
| 919 |
|
|
|a 978-80-8071-133-7
|
| 958 |
|
|
|a OP
|
| 958 |
|
|
|a NT
|
| 958 |
|
|
|a CZ
|
| 968 |
|
|
|a Čes
|b ENG
|d 2
|
| 999 |
|
|
|c 577277
|d 579207
|
| 952 |
|
|
|a SNK
|b SNK
|y PREZ
|7 0
|p 17A0704868
|o snkSB 78352/5
|i snk2011/13406
|8 0
|0 0
|1 0
|4 0
|d 2011-06-10
|f 1
|l 0
|r 2025-04-29 00:00:00
|w 2026-02-23
|
| 952 |
|
|
|a SNK
|b SNK
|y VYP
|7 0
|p 17A0704867
|o snkSB 78352/5 D1
|i snk2011/13408
|8 0
|0 0
|1 0
|4 0
|d 2011-06-10
|l 0
|r 2016-06-30 00:00:00
|w 2026-02-23
|